暗殺教室 E組クイズ - Statistics

General Stats
  • This quiz has been taken 119 times
  • The average score is 18 of 28
Answer Stats
出席番号 名前 例のコードネーム % Correct
E-1 赤羽業 中二半
97%
E-11 潮田渚 性別
95%
E-9 木村正義 ジャスティス
90%
E-2 磯貝悠馬 貧乏委員
84%
E-7 茅野カエデ 永遠の0
84%
E-8 神崎有希子 神崎名人
75%
E-28 堀部糸成 コロコロ上がり
73%
E-27 自律思考固定砲台 萌え箱
68%
E-4 岡野ひなた すごいサル
67%
E-15 千葉龍之介 ギャルゲーの主人公
65%
E-3 岡島大河 変態終末期
63%
E-5 奥田愛美 毒メガネ
63%
E-10 倉橋陽菜乃 ゆるふわクワガタ
63%
E-19 速水凛香 ツンデレスナイパー
62%
E-6 片岡メグ 凛として説教
60%
E-18 狭間綺羅々 E組の闇
60%
E-14 竹林孝太郎 メガネ(爆)
57%
E-16 寺坂竜馬 鷹岡もどき
56%
E-17 中村莉桜 ギャル英語
56%
E-21 不破優月 このマンガがすごい!!
54%
E-25 矢田桃花 ポニーテールと乳
52%
E-13 杉野友人 野球バカ
51%
E-12 菅谷創介 美術ノッポ
48%
E-26 吉田大成 ホームベース
48%
E-20 原寿美鈴 椚ヶ丘の母
46%
E-22 前原陽斗 女たらしクソ野郎
44%
E-23 三村航輝 キノコディレクター
38%
E-24 村松拓哉 へちま
38%
No matching quizzes found
Score Distribution
Percent of People with Each Score
Percentile by Number Answered
Your Score History
You have not taken this quiz